| 000 | 00400 a2200157 4500 | ||
|---|---|---|---|
| 001 | 190609 | ||
| 020 | _a85-305-0035-0 | ||
| 040 | _cMagnum | ||
| 100 | _aAlmeida, Elenice Machado de | ||
| 240 | 1 | 0 |
_aOito a comer biscoito, ou, dez a comer pastéis _lpor |
| 245 | 1 | 0 | _aOito a comer biscoito, ou, dez a comer pastéis |
| 300 | _a16 | ||
| 362 | 0 | _a1995 | |
| 697 | _aLITERATURA INFANTO | ||
| 942 | _cBK | ||
| 999 |
_c190609 _d190609 |
||